000
00293nam a22001337a 4500
008
210527b ||||| |||| 00| 0 eng d
041
_a
eng
080
_a
510
082
_a
510
100
_a
38
101
_a
MAT
245
_a
Elements of Numerical Analysis
_c
Peter Henrici
942
_2
udc
_c
BK
999
_c
57720
_d
57720